000 00492cam a22002054a 4500
005 20250605164316.0
008 250528s ||||||||||||||||||||||||d
035 _a22705
020 _a9780761949589
040 _aGR-AtMCL
_bgre
_dGR-AtMCL
_eAACR2
245 1 _aESSENTIAL STUDY SKILLS
250 _a1
260 _bSage Publications,
_c2003
300 _a248
700 1 _aBurns Tom
_97122
700 1 _aSinfield Sandra
_97123
942 _cBK
999 _c7752
_d7752